มุมมองปกติ
มุมมองแบบ MARC
- สุนทราพร จิตตวัฒนรัตน์
รายการ Personal Name
001 - CONTROL NUMBER
- control field: 13524
003 - CONTROL NUMBER IDENTIFIER
- control field: NALT
005 - DATE AND TIME OF LATEST TRANSACTION
- control field: 20170818103752.0
008 - FIXED-LENGTH DATA ELEMENTS
- fixed length control field: 170818|| aca||aabn | a|a d
040 ## - CATALOGING SOURCE
- Original cataloging agency: NALT
- Transcribing agency: NALT
100 ## - HEADING--PERSONAL NAME
- Personal name: สุนทราพร จิตตวัฒนรัตน์
670 ## - SOURCE DATA FOUND
- Source citation: Work cat.: (NALT)46281: สุนทราพร จิตตวัฒนรัตน์, แนวคิดการจัดการเพื่อการพิสูจน์ทราบตัวผู้ใช้บริการเว็บไซต์ : มุมมองทางกฎหมายและนโยบาย, 2548
